000 00217nam a2200097Ia 4500
008 230907s9999||||xx |||||||||||||| ||und||
082 _a697.92
_bASH
245 0 _aUFAD O&M guide :
300 _a33 pages :
942 _cBK
999 _c601246
_d601246